Flash Professional CS6 / (رقم التسجيلة. 35220)

تفاصيل مارك
000 -الفاتح
حقل البيانات ثابتة الطول 00829nam a22002657a 4500
003 - محدد رقم الضبط
رقم الضبط OSt
005 - وقت وتاريخ اخر تعامل مع التسجيلة
رقم الضبط 20150408114219.0
008 - عناصر البيانات ثابتة الطول - معلومات عامة
حقل البيانات ثابتة الطول 140520s2013 caua g 001 0 eng
020 ## - الرقم الدولى المعيارى للكتب
الرقم الدولى المعيارى للكتاب 9780321832191
020 ## - الرقم الدولى المعيارى للكتب
الرقم الدولى المعيارى للكتاب 0321832191
040 ## - مصدر الفهرسة
وكالة الفهرسة الأصلية Ma-Un
082 00 - رقم تصنيف ديوى العشرى
رقم الطبعة 22
رقم التصنيف 006.786
رقم المادة UKF
100 1# - المدخل الرئيسى - إسم شخصى
الإسم الشخصى Ulrich, Katherine
9 (RLIN) 45476
245 10 - بيان العنوان
العنوان Flash Professional CS6 /
بيان المسئوليه,etc Katherine Ulrich.
260 ## - PUBLICATION, DISTRIBUTION, ETC. (IMPRINT)
مكان الناشر او الموزع Berkeley, CA :
اسم الناشر او الموزع Peachpit Press,
تاريخ النشر أو التوزيع 2013
300 ## - الوصف المادى
التعداد xiv, 464 p. :
تفاصيل ماديه اخرى للوعاء ill. ;
أبعاد الوعاء 23 cm.
490 1# - بيان السلسلة
عنوان السلسلة Visual quickstart guide
500 ## - تبصرة عامة
تبصرة عامة Includes index.
630 ## - المدخل الاضافى بالموضوع - عنوان موحد
عنوان موحد Flash (Computer file)
9 (RLIN) 45477
650 ## - المدخل الاضافى بالموضوع-مصطلح موضوعى
مصطلح موضوعي أو اسم جغرافي كعنصر مدخل Computer animation
650 ## - المدخل الاضافى بالموضوع-مصطلح موضوعى
مصطلح موضوعي أو اسم جغرافي كعنصر مدخل Web sites
التقسيم الفرعي العام Design
830 #0 - المدخل الاضافى بالسلسلة -عنوان موحد
عنوان موحد Visual quickstart guide
942 ## - عناصر المدخل الإضافي( كوها)
مصدر التصنيف او مخطط الترفيف Dewey Decimal Classification
Koha [default] item type كتاب
المقتنيات
حالة الفقد نموذج السعر الفعال حالة تلف ليس للاعارة رقم الطلب رقم النسخة تاريخ الاكتساب مصدر التزويد الموقع الحالي الباركود الفرع الرئيسي Date last seen نوع المادة فى نظام كوها مصدر التصنيف او خطة الترفيف Total Checkouts
  2014-05-20   Not For Loan 006.786 UKF 1 2014-05-20 دار العرب المكتبة المركزية بالمجمعة (CL) 00211124 المكتبة المركزية بالمجمعة (CL) 2014-05-20 كتاب Dewey Decimal Classification  
  2014-05-20   Not For Loan 006.786 UKF 1 2014-05-20 دار العرب مكتبة مجمع الكليات بالزلفى - طلاب (SZM) 00211500 مكتبة مجمع الكليات بالزلفى - طلاب (SZM) 2014-05-20 كتاب Dewey Decimal Classification  
  2014-05-20     006.786 UKF 2 2014-05-20 دار العرب مكتبة مجمع الكليات بالزلفى - طلاب (SZM) 00211501 مكتبة مجمع الكليات بالزلفى - طلاب (SZM) 2014-05-20 كتاب Dewey Decimal Classification